| 000 | 01849nam a22002537a 4500 | ||
|---|---|---|---|
| 001 | BRCA_9288 | ||
| 003 | FranzMayer | ||
| 005 | 20230724112303.0 | ||
| 008 | 230724b |||||||| |||| 00| 0 eng d | ||
| 040 |
_aMFM _bspa _cMFM |
||
| 050 | 4 |
_aLE61 _bG46 1786 |
|
| 082 | _2QC19.6 | ||
| 100 | 1 |
_4Autor _aGenuensis, Antonii _928937 |
|
| 240 | 1 |
_aIn Regia Napolitana Academia Primum Ethices, Postea Economices Professoris. Disciplinarum Metaphysicarum Elementa, mathematicum in morem adornata. _hTomus Quintus. Ab ifso auttose, rejecflis omnibus anterioribus Editionibus tanquam non fuis reputatis, omnino reformata, perpetuis additionibus locupletata et nung primum in quinque tomus divisa _lLatín |
|
| 245 | 0 |
_aIn Regia Napolitana Academia Primum Ethices, Postea Economices Professoris. Disciplinarum Metaphysicarum Elementa, mathematicum in morem adornata. _bTomus Quintus. Ab ifso auttose, rejecflis omnibus anterioribus Editionibus tanquam non fuis reputatis, omnino reformata, perpetuis additionibus locupletata et nung primum in quinque tomus divisa |
|
| 250 |
_aEditio novissima _bNovena edición |
||
| 260 |
_aVenecia _bApud Thomam Bettinelli _c1781 |
||
| 300 |
_a443 p _c19 cm |
||
| 440 |
_aIn Regia Napolitana Academia Primum Ethices, Postea Economices Professoris. Disciplinarum Metaphysicarum Elementa, mathematicum in morem adornata. _nTomus Quintus. Ab ifso auttose, rejecflis omnibus anterioribus Editionibus tanquam non fuis reputatis, omnino reformata, perpetuis additionibus locupletata et nung primum in quinque tomus divisa _pTomo V _928938 |
||
| 505 | 0 | _aTexto en: latínDirigido a: físicos, matemáticos, científicos o historiadores.Incluye índice temático | |
| 650 | 1 |
_2Física _aMatemáticas _vEstudio de las ciencias _928939 |
|
| 651 | 2 |
_2Metafísica _aHistoria de las ciencias _vSiglo XVIII y XIX _928940 |
|
| 942 |
_2lcc _cB |
||
| 999 |
_c10908 _d10908 |
||